[Event "SEMI B048 email"]
[Site "SEMI email"]
[Date "2005.06.20"]
[Round "?"]
[White "Fappiano, Giuseppe"]
[Black "Lanfranco, Maurizio"]
[Result "1-0"]
[WhiteElo "1000"]
[BlackElo "1000"]
[PlyCount "43"]
[EventDate "2005.06.20"]
[EventType "tourn (corr)"]
[EventRounds "6"]
[EventCountry "ITA"]
[SourceTitle "Corr 2008"]
[Source "ChessBase"]
[SourceDate "2008.06.24"]
[SourceVersion "1"]
[SourceVersionDate "2008.06.24"]
[SourceQuality "1"]

1. d4 Nf6 2. c4 g6 3. Nc3 d5 4. cxd5 Nxd5 5. e4 Nxc3 6. bxc3 Bg7 7. Nf3 0-0 8. Be2 c5 9. 0-0 cxd4 10. cxd4 Nc6 11. Be3 Bg4 12. d5 Bxf3 13. Bxf3 Ne5 14. Be2 f5 15. exf5 Rxf5 16. Qb3 Nf7 17. Rac1 b6 18. Bg4 Qxd5 19. Bxf5 Qxf5 20. Rc7 Qe5 21. Qc4 Kf8 22. Rc8+ 1-0

[Event "SEMI B048 email"]
[Site "SEMI email"]
[Date "2005.06.20"]
[Round "?"]
[White "Lanfranco, Maurizio"]
[Black "Furlotti, Guido"]
[Result "1-0"]
[WhiteElo "1000"]
[BlackElo "1000"]
[PlyCount "55"]
[EventDate "2005.06.20"]
[EventType "tourn (corr)"]
[EventRounds "6"]
[EventCountry "ITA"]
[SourceTitle "Corr 2008"]
[Source "ChessBase"]
[SourceDate "2008.06.24"]
[SourceVersion "1"]
[SourceVersionDate "2008.06.24"]
[SourceQuality "1"]

1. e4 e5 2. Nf3 Nc6 3. Bb5 f5 4. Nc3 fxe4 5. Nxe4 d5 6. Ng3 Bd6 7. 0-0 Bg4 8. d3 h6 9. h3 Bd7 10. Re1 Qf6 11. Qe2 Nge7 12. a3 Ng6 13. h4 0-0-0 14. b4 Rde8 15. Bb2 Bg4 16. Bxc6 bxc6 17. d4 e4 18. Qa6+ Kd7 19. Nd2 Rhf8 20. Rf1 Qxh4 21. b5 cxb5 22. Qxb5+ c6 23. Qb7+ Bc7 24. Nb3 Kd6 25. a4 Rf7 26. Ba3+ Kd7 27. Nc5+ Kd8 28. Qa8+ 1-0

[Event "SEMI B048 email"]
[Site "SEMI email"]
[Date "2005.06.20"]
[Round "?"]
[White "Lanfranco, Maurizio"]
[Black "Pivirotto, Filiberto"]
[Result "0-1"]
[WhiteElo "1000"]
[BlackElo "1300"]
[PlyCount "68"]
[EventDate "2005.06.20"]
[EventType "tourn (corr)"]
[EventRounds "6"]
[EventCountry "ITA"]
[SourceTitle "Corr 2008"]
[Source "ChessBase"]
[SourceDate "2008.06.24"]
[SourceVersion "1"]
[SourceVersionDate "2008.06.24"]
[SourceQuality "1"]

1. e4 e6 2. d4 d5 3. Nd2 Nf6 4. e5 Nfd7 5. Ngf3 c5 6. c3 Nc6 7. Bd3 Qb6 8. 0-0 cxd4 9. cxd4 Nxd4 10. Nxd4 Qxd4 11. Nf3 Qb6 12. b3 h6 13. Bb2 Nc5 14. Bd4 Bd7 15. Rc1 Qa5 16. Bb1 Na6 17. Qe2 Ba3 18. Rc3 Nc7 19. Bd3 Nb5 20. Rc2 0-0 21. Be3 Rfc8 22. Bc1 Rxc2 23. Bxc2 Nc3 24. Qd3 Ne4 25. Qe3 Bc5 26. Qe2 Bb5 27. Bd3 Bxd3 28. Qxd3 Qxa2 29. Be3 Bxe3 30. Qxe3 Rc8 31. Nd4 Rc3 32. Qf4 Qb2 33. Nb5 g5 34. Qg4 Rc1 0-1

[Event "SEMI B047 email"]
[Site "SEMI email"]
[Date "2005.04.10"]
[Round "?"]
[White "Lanfranco, Maurizio"]
[Black "Campbell, Clark"]
[Result "1-0"]
[WhiteElo "1000"]
[BlackElo "1645"]
[PlyCount "73"]
[EventDate "2005.04.10"]
[EventType "tourn (corr)"]
[EventRounds "6"]
[EventCountry "ITA"]
[SourceTitle "Corr 2008"]
[Source "ChessBase"]
[SourceDate "2008.06.24"]
[SourceVersion "1"]
[SourceVersionDate "2008.06.24"]
[SourceQuality "1"]

1. e4 e6 2. d4 d5 3. Nd2 c5 4. exd5 exd5 5. Ngf3 Nc6 6. Bb5 c4 7. 0-0 Bd6 8. Qe2+ Be6 9. b3 cxb3 10. axb3 Nge7 11. c4 0-0 12. c5 Bc7 13. Re1 a6 14. Ba4 b5 15. cxb6 Bxb6 16. Bb2 Nb4 17. Nf1 Rc8 18. Ne3 Nf5 19. Nxf5 Bxf5 20. Ba3 a5 21. Rac1 Rxc1 22. Rxc1 Qb8 23. Qe7 Bd8 24. Qe5 Qxe5 25. Nxe5 Be7 26. Rc7 Bd6 27. Ra7 Rc8 28. f4 f6 29. g4 Bxe5 30. dxe5 Bxg4 31. Rxa5 Nc2 32. Bd6 fxe5 33. fxe5 Ne3 34. Bc5 Nd1 35. b4 Nc3 36. Bb3 Ne4 37. Bxd5+ 1-0

[Event "SEMI B046 email"]
[Site "SEMI email"]
[Date "2004.12.27"]
[Round "?"]
[White "Lanfranco, Maurizio"]
[Black "Lopriore, Nunzio"]
[Result "0-1"]
[WhiteElo "1000"]
[BlackElo "1400"]
[PlyCount "58"]
[EventDate "2004.12.27"]
[EventType "tourn (corr)"]
[EventRounds "6"]
[EventCountry "ITA"]
[SourceTitle "Corr 2008"]
[Source "ChessBase"]
[SourceDate "2008.06.24"]
[SourceVersion "1"]
[SourceVersionDate "2008.06.24"]
[SourceQuality "1"]

1. e4 c6 2. d4 d5 3. exd5 cxd5 4. c4 Nf6 5. Nc3 e6 6. Nf3 Be7 7. cxd5 Nxd5 8. Bc4 0-0 9. 0-0 Nxc3 10. bxc3 Qc7 11. Qd3 Nd7 12. Bb3 b6 13. Bd2 Bb7 14. Rac1 Bd6 15. h3 Nf6 16. Rfe1 Rfe8 17. Ne5 Rad8 18. f4 h6 19. g4 Bxe5 20. fxe5 Qc6 21. Qg3 Qh1+ 22. Kf2 Ne4+ 23. Rxe4 Qxe4 24. Re1 Qc6 25. h4 Rd7 26. h5 g5 27. Kg1 b5 28. a3 Rf8 29. Kh2 f5 0-1

[Event "SEMI B043 email"]
[Site "SEMI email"]
[Date "2004.07.15"]
[Round "?"]
[White "Lanfranco, Maurizio"]
[Black "Ferrari, Cristiano"]
[Result "1/2-1/2"]
[WhiteElo "1000"]
[BlackElo "1500"]
[PlyCount "43"]
[EventDate "2004.07.15"]
[EventType "tourn (corr)"]
[EventRounds "6"]
[EventCountry "ITA"]
[SourceTitle "Corr 2008"]
[Source "ChessBase"]
[SourceDate "2008.06.24"]
[SourceVersion "1"]
[SourceVersionDate "2008.06.24"]
[SourceQuality "1"]

1. e4 c5 2. Nf3 d6 3. d4 cxd4 4. Nxd4 Nf6 5. Nc3 a6 6. Bg5 e6 7. f4 Qb6 8. Qd2 Qxb2 9. Rb1 Qa3 10. f5 Nc6 11. fxe6 fxe6 12. Nxc6 bxc6 13. e5 dxe5 14. Bxf6 gxf6 15. Ne4 Be7 16. Be2 h5 17. Rb3 Qa4 18. c4 f5 19. 0-0 fxe4 20. Qc3 Qxa2 21. Bd1 Rf8 22. Bxh5+ 1/2-1/2

[Event "SEMI B043 email"]
[Site "SEMI email"]
[Date "2004.07.15"]
[Round "?"]
[White "Van der Merwe, Hennie"]
[Black "Lanfranco, Maurizio"]
[Result "1-0"]
[WhiteElo "1585"]
[BlackElo "1000"]
[PlyCount "51"]
[EventDate "2004.07.15"]
[EventType "tourn (corr)"]
[EventRounds "6"]
[EventCountry "ITA"]
[SourceTitle "Corr 2008"]
[Source "ChessBase"]
[SourceDate "2008.06.24"]
[SourceVersion "1"]
[SourceVersionDate "2008.06.24"]
[SourceQuality "1"]

1. e4 c6 2. Nf3 d5 3. exd5 cxd5 4. d4 Bf5 5. Nc3 e6 6. Bb5+ Nd7 7. Ne5 Ngf6 8. Bg5 Be7 9. Bxf6 gxf6 10. Nxd7 a6 11. Nxf6+ Kf8 12. Nfxd5 exd5 13. Bd3 Bxd3 14. Qxd3 Qd6 15. 0-0-0 Rg8 16. Qxh7 Re8 17. g3 Rg7 18. Qh5 Rg5 19. Qh3 Kg7 20. f4 Rh8 21. Qf1 Rgh5 22. Qg2 b5 23. Rd2 b4 24. Nd1 Rc8 25. Ne3 Kf8 26. Qf3 1-0

[Event "SEMI B040 email"]
[Site "SEMI email"]
[Date "2004.02.16"]
[Round "?"]
[White "Gigante, Gianni"]
[Black "Lanfranco, Maurizio"]
[Result "1/2-1/2"]
[WhiteElo "1300"]
[BlackElo "1000"]
[PlyCount "86"]
[EventDate "2004.02.16"]
[EventType "tourn (corr)"]
[EventRounds "6"]
[EventCountry "ITA"]
[SourceTitle "Corr 2008"]
[Source "ChessBase"]
[SourceDate "2008.06.24"]
[SourceVersion "1"]
[SourceVersionDate "2008.06.24"]
[SourceQuality "1"]

1. e4 c6 2. d4 d5 3. Nc3 dxe4 4. Nxe4 Bf5 5. Ng3 Bg6 6. h4 h6 7. h5 Bh7 8. Bd3 Bxd3 9. Qxd3 Nd7 10. Nf3 Qc7 11. Bd2 e6 12. 0-0-0 Bd6 13. Ne4 Ne7 14. Kb1 0-0-0 15. g3 Nf6 16. Nxd6+ Qxd6 17. Bf4 Qb4 18. c3 Qb6 19. Ne5 Ned5 20. Nc4 Qb5 21. Nd6+ Rxd6 22. Bxd6 Qxd3+ 23. Rxd3 Ne4 24. Be5 Nxf2 25. Rf3 Nxh1 26. Rxf7 Re8 27. Rf1 Nxg3 28. Bxg3 Nf6 29. Be5 Rf8 30. Kc2 Kd8 31. Bxf6+ gxf6 32. Rg1 f5 33. Rg7 f4 34. Rxb7 Rf5 35. Kd1 a5 36. a4 Rxh5 37. Ke2 c5 38. Rb5 Rh2+ 39. Kf3 cxd4 40. cxd4 Rd2 41. Ke4 f3 42. Kxf3 Rxd4 43. Rxa5 Rb4 1/2-1/2

[Event "SEMI B038 email"]
[Site "SEMI email"]
[Date "2003.12.15"]
[Round "?"]
[White "Lanfranco, Maurizio"]
[Black "Squillante, Michele"]
[Result "1-0"]
[WhiteElo "1000"]
[BlackElo "1709"]
[PlyCount "41"]
[EventDate "2003.12.15"]
[EventType "tourn (corr)"]
[EventRounds "6"]
[EventCountry "ITA"]
[SourceTitle "Corr 2008"]
[Source "ChessBase"]
[SourceDate "2008.06.24"]
[SourceVersion "1"]
[SourceVersionDate "2008.06.24"]
[SourceQuality "1"]

1. d4 Nf6 2. c4 g6 3. Nc3 d5 4. Nf3 Bg7 5. e3 0-0 6. Be2 c5 7. 0-0 cxd4 8. Nxd4 dxc4 9. Bxc4 a6 10. Qf3 Ra7 11. Qg3 Bg4 12. h3 Bd7 13. a4 Nh5 14. Qf3 Nc6 15. Nxc6 Bxc6 16. e4 e6 17. Rd1 Qa5 18. Bd2 Raa8 19. Nb5 axb5 20. Bxa5 Bxe4 21. Qxe4 1-0

[Event "SEMI B038 email"]
[Site "SEMI email"]
[Date "2003.12.15"]
[Round "?"]
[White "Marino, Marco"]
[Black "Lanfranco, Maurizio"]
[Result "0-1"]
[WhiteElo "1737"]
[BlackElo "1000"]
[PlyCount "80"]
[EventDate "2003.12.15"]
[EventType "tourn (corr)"]
[EventRounds "6"]
[EventCountry "ITA"]
[SourceTitle "Corr 2008"]
[Source "ChessBase"]
[SourceDate "2008.06.24"]
[SourceVersion "1"]
[SourceVersionDate "2008.06.24"]
[SourceQuality "1"]

1. e4 c6 2. d3 d5 3. Nd2 e5 4. Ngf3 Bd6 5. g3 Nf6 6. Bg2 0-0 7. 0-0 Nbd7 8. b3 Re8 9. Bb2 a5 10. a4 Nc5 11. Re1 dxe4 12. Nxe4 Ncxe4 13. dxe4 Qe7 14. h3 b6 15. Qd2 Ba6 16. Rad1 Rad8 17. Bc3 Bc7 18. Qe3 h6 19. Nh4 Rxd1 20. Rxd1 Rd8 21. Rxd8+ Qxd8 22. Qd2 Qxd2 23. Bxd2 Be2 24. Nf5 Bd8 25. Bc3 Nd7 26. Bf1 Bf3 27. Bd3 Bf6 28. Kf1 Nc5 29. Nd6 Nxd3 30. cxd3 Bd1 31. Nc4 Bd8 32. b4 axb4 33. Bxb4 Bxa4 34. Nxe5 c5 35. Ba3 Be7 36. Ke2 b5 37. Nc6 Bd6 38. e5 Bf8 39. Na5 b4 40. Bb2 Be7 0-1